[Event "Mittelfranken-ch qual"]
[Site "Wachendorf"]
[Date "2013.03.28"]
[Round "5.7"]
[White "Weidenhoefer, Robert"]
[Black "Hummel, Hannes"]
[Result "1-0"]
[WhiteElo "1479"]
[BlackElo "764"]
[PlyCount "39"]
[EventDate "2013.03.27"]
[EventType "swiss"]
[EventRounds "7"]
[EventCountry "GER"]
[SourceTitle "EXT 2022"]
[Source "ChessBase"]
[SourceDate "2021.10.06"]
[SourceVersion "1"]
[SourceVersionDate "2021.10.06"]
[SourceQuality "1"]

1. b3 e5 2. Bb2 Nc6 3. e3 Nf6 4. Bb5 a6 5. Bxc6 dxc6 6. Bxe5 Be7 7. f4 Bf5 8. Nf3 Bd6 9. Bb2 c5 10. d3 b5 11. Nbd2 0-0 12. 0-0 Bg4 13. e4 Bxf4 14. h3 Bxd2 15. Qxd2 Bxf3 16. Rxf3 h6 17. Rxf6 gxf6 18. Qxh6 Qd6 19. Bxf6 Rae8 20. Qh8# 1-0